Statistics for General knowledge N1994

Click here to take the quiz!

General Stats

  • This quiz has been taken 3 times
  • The average score is 6 of 15

Answer Stats

HintAnswer% Correct
Modern name for SwazilandEswatini
67%
The northernmost US state with neighborstatesMaine
67%
Name a country that borders LesothoSouth Africa
67%
A geometrical shape with three sides of the same lenghttriangle
67%
Who is the most popular candidate for president in the US in 2024 (14.12.2023 EU, 12/14/2023 US)Trump
67%
fraction of the US population commit half the crimes (who are they)African americans
33%
Aesthetic in finnishesteettinen
33%
Which superhero wears a red armored suit with a golden head pieceIron man
33%
What is the explosive used in fight clubNitroglycerin
33%
What is Obama's last nameObama
33%
Hevisaurus' spotify #1 songViimeinen mammutti
33%
What sense is the most famous with falconsvision
33%
Formula that you can solve quadratic equations withQuadratic formula
0%
Who is the black Stewie from Cleveland showRallo
0%
The third president of finlandSvinhufvud
0%

Score Distribution

Percentile by Number Answered

Percent of People with Each Score

Your Score History

You have not taken this quiz